000 01119nam a2200313 i 4500
003 DO-SdBNP
005 20250922101808.0
007 ta
008 230616b2022 dr ac||| |||| 00| 0 spa d
020 _a9789945250404
040 _aDO-SdBNP
_bspa
_cBNPHU
_erda
041 _aspa
082 4 _axxx
_bxxx
_222
100 _aGarcía, José Gabriel,
_d1834-1910
_eautor
_4aut.
_926153
245 1 0 _aIdeas preliminares :
_bmemorias para la historia de Quisqueya /
_cJosé Gabriel García
264 4 _aSanto Domingo :
_bArchivo General de la Nación,
_c2022.
300 _a112 páginas :
_bilustraciones, retratos ;
_c22 cm.
336 _atexto
_btxt
_2rdacontent
337 _asin mediación
_bn
_2rdamedia
338 _avolumen
_bnc
_2rdacarrier
490 1 _aArchivo General de la Nación
490 1 _aCuadernos Populares
_v10
500 _aIncluye referencias bibliográficas y notas al pie de las páginas
590 _aInventariado, 2023/BT
700 1 _aGonzález, Raymundo,
_ecoordinador
_4coord.
_96373
700 1 _aDomínguez Nova, Juan Francisco,
_eeditor
_4ed.
_983553
910 _aBtavárez
942 _2ddc
_cLBS1
999 _c53849
_d53849